[Event "MK Cafe Cup-A"]
[Site "Koszalin"]
[Date "1999.08.11"]
[Round "8"]
[White "Markowski, Tomasz"]
[Black "Filippov, Valerij"]
[Result "1-0"]
[WhiteElo "2557"]
[BlackElo "2605"]
[Annotator "Ribli,Z"]
[PlyCount "127"]
[EventDate "1999.08.03"]
[EventType "swiss"]
[EventRounds "9"]
[EventCountry "POL"]
[SourceTitle "CBM 073"]
[Source "ChessBase"]
[SourceDate "1999.12.01"]
[SourceVersion "1"]
[SourceVersionDate "1999.12.01"]
[SourceQuality "1"]

{[%mdl 4128]} 1. g3 d5 2. Nf3 Nf6 3. Bg2 e6 4. c4 Be7 5. d4 O-O {Das ist die
Grundstellung der klassischen Variante der Katalanischen Eröffnung, die
Grossmeister Filippov auch gerne mit Weiss spielt. Ribli.} 6. Nc3 {Das ist
eine beliebte Variante des Grossmeisters Markowski.} c6 {Kritisch ist eher die
Variante 6...dxc4 7.Ne5 Nc6. Schwarz vermeidet die scharfen Hauptvarianten und
spielt die geschlossene Variante.} 7. O-O Nbd7 8. Qb3 (8. Bf4 b6 9. Rc1 Bb7 10.
cxd5 cxd5 11. Qb3 a6 12. Na4 b5 13. Bc7 Qe8 14. Nb6 Nxb6 15. Bxb6 Rc8 16. Qe3
Nd7 17. Ba5 Bd6 18. Rxc8 Qxc8 19. Rc1 Qb8 20. Ne1 Rc8 21. Nd3 Rxc1+ 22. Qxc1
Qc8 {1/2-1/2 Romanishin,O-Kuijf,M/2.BLW 1995 (63)}) (8. b3 {Meines Erachtens
bietet dieser Zug Weiss die beste Möglichkeit für Eröffnungsvorteil.}) 8... b6
{Schwarz möchte den Läufer entwickeln, aber die Alternative 8...a5 kommt stark
in Betracht.} (8... a5 $5 {N} 9. cxd5 $6 (9. a4 $5 {Smagin,S}) 9... exd5 10.
Rd1 Nb6 11. Ne5 a4 12. Qc2 Be6 13. Bg5 Ne8 $1 14. Bxe7 Qxe7 15. a3 Nd6 16. b3
$6 (16. Nd3 $5) 16... Bf5 17. Qb2 h6 $1 $15 {Cvetkovic,S-Smagin,S/Jugoslavija
1992/Inf 55 (17)}) 9. Bf4 Ba6 {Schwarz erzwingt eine Klärung im Zentrum.} (9...
Bb7 $5 {Dieser Läuferzug wird häufiger gespielt. Weiss hat etwas Initiative
nach 10.cxd5 cxd5 11.Nb5 Ne8, aber Schwarz hat keine Schwächen und kann
stufenweise ausgleichen.}) 10. cxd5 cxd5 (10... Nxd5 11. Qa4 Nxf4 12. gxf4 Bb7
13. Rfd1 $14 {Weiss hat positionellen Druck und etwas bessere Chancen.} Qc7 14.
e3 c5 15. d5 exd5 16. Nxd5 Bxd5 17. Rxd5 Rad8 18. Rad1 Nb8 19. Ne5 Bf6 20. Rxd8
Rxd8 21. Rxd8+ Qxd8 22. Bd5 Bxe5 23. fxe5 Kf8 24. Qxa7 Qxd5 25. Qxb8+ Ke7 26.
h3 Qc6 27. a4 c4 {1/2-1/2 Horvath,J-Jirovsky,M/Odorheiu Secuiesc 1995/CBM 47 
(27)}) 11. Nb5 Bxb5 {Schwarz hat nichts besseres. Er gibt das Läuferpaar auf.}
(11... Ne8 12. Rfc1 $14 {In Theorie es gibt ähnliche Stellungen mit ...Bb7, in
denen Schwarz den b5-Springer mit 12...a6 verjagen kann.}) 12. Qxb5 a6 13. Qc6
{[%csl Gc6] Die Dame steht scheinbar aktiv auf c6, aber in Wirklichkeit muss
sie früher oder später zurück.} (13. Qd3 b5 14. Rfc1 Qb6 15. Rc2 Rac8 16. Rac1
Qb7 17. Rc7 Qa8 18. Ne5 Rxc7 19. Rxc7 Qe8 20. Nc6 Nh5 21. Rc8 {1-0 Fedorowicz,
J-Pieterse,G/Ostend 1987/EXT 87op (21)}) 13... Rc8 14. Qa4 {[%csl Ra6][%cal
Ra4a6]} Ra8 15. Qc6 Rc8 16. Qa4 Ra8 17. Rfc1 $5 $14 {Weiss ist nicht zufrieden
mit der Zugwiederholung.} b5 18. Qc2 Rc8 19. Bc7 {[%csl Gc7] Der Läufer stört
das schwarze Spiel.} Qe8 {[%cal Gc8c1]} 20. Qd2 {[%csl Ra6][%cal Rd2a5,Ra5a6]
Schwarz drohte ...Bd8.} Nb8 21. Ne5 (21. Qa5 Bd8 22. Bxd8 (22. Ne5 Bxc7 23.
Rxc7 Qd8 {[%csl Ra5,Rc7][%cal Rd8a5]} 24. Rac1 Ne8 25. Rxc8 (25. Nxf7 Rxf7 26.
Rxc8 Qxa5 $19) 25... Qxa5 26. Rxb8 Nd6 $17) 22... Qxd8 23. Qa3 $14) 21... Nfd7
(21... Nbd7 22. Qa5 $14) 22. e4 $1 {[%csl Gg2][%cal Gg2a8] Weiss möchte die
Diagonale des Läufers g2 öffnen.} Nxe5 (22... dxe4 23. Bxe4 $14 {Weiss hat
einen isolierten Bauern auf d4, aber wichtiger ist die Aktivität seines
Katalanisch-Läufers.}) 23. dxe5 (23. Bxe5 dxe4 24. Bxe4 Nc6 $11) 23... d4 $1 {
Schwarz opfert einen Bauern, damit sich der Läufer g2 nicht aktivieren kann.} (
23... dxe4 24. Bxe4 $16 {[%csl Gc7,Ge4,Ge5,Re8] Das weisse Läuferpaar steht
sehr aktiv.}) 24. Qxd4 Nc6 25. Qb6 Nb4 {[%cal Gb4d3,Gd3b2,Gd3c1,Gd3e5]} 26. Bf1
$6 {Meines Erachtens wäre es logischer, die c-Linie mit dem Turm zu verlassen.}
(26. Rd1 $5 Bd8 (26... Qc6 27. Qxc6 Nxc6 28. Rd7 $16) 27. Bxd8 Rxd8 28. Rd6 $16
) 26... Bd8 27. a3 (27. Bxd8 Qxd8 28. Qxd8 Rfxd8 $44 {[%csl Re5,Rf1]}) 27...
Rxc7 28. Rxc7 Bxc7 29. Qxc7 Nc6 {Nach forcierten Vereinfachungen hat Weiss
einen Bauern mehr, aber sein Läufer steht nicht aktiv und der Bauer e5 ist
schwach.} (29... Qc6 $2 30. Rc1 Qxc7 31. Rxc7 $18) 30. Rc1 (30. Rd1 Qc8 31.
Qxc8 Rxc8 32. f4 Kf8 $14) 30... Nd4 {[%csl Gd4]} 31. Qd6 Qd8 32. Kg2 (32. f4 f6
$14) 32... f6 33. Qxd8 Rxd8 34. exf6 gxf6 {Weiss hat die Bauernmehrheit am
Königsflügel, die gewöhnlich schwer zu verwerten ist und der schwarze Springer
steht stark.} 35. Rc7 {[%csl Gc7]} e5 {[%csl Gd4]} 36. Rb7 {[%cal Rb7b6,Rb6a6,
Rb6f6] Droht 37.Rb6 mit weiterem Bauerngewinn.} Rd6 37. Bd3 {[%cal Gd3b1,Gb1a2,
Ga2g8] Weiss möchte seine Läuferstellung verbessern.} Kh8 {Schwarz vermeidet
Motive auf der a2-g8-Diagonalen.} 38. Bb1 Nb3 {Schwarz bereitet das
Springermanöver ...Nb3-d2-c4 vor.} 39. Ba2 Nd2 40. Bd5 $16 {[%csl Gd5] Der
Laufer steht ausgezeichnet auf d5. Weiss hat jetzt auch das bessere
Figurenspiel.} Nc4 {[%cal Gc4b2,Gc4a3]} 41. Rb8+ {Weiss spielt auf Mattangriff,
aber auch das Turmendspiel wäre sehr gut.} (41. Bxc4 $5 bxc4 42. Rc7 Rd4 (42...
Rb6 43. Rxc4 Rxb2 44. Rc6 $18 {[%cal Rc6a6,Rc6f6]}) 43. Rc6 {[%cal Rc6a6,Rc6f6]
} Rxe4 44. Kf3 Rd4 45. Rxf6 $16) 41... Kg7 42. Rg8+ Kh6 43. b3 $6 (43. Bxc4 $1
{Das ist die beste Moment für die Vereinfachung, denn der schwarze König steht
schlecht.} bxc4 44. Rc8 Rd4 (44... Rd2 45. Rxc4 Rxb2 46. Rc6 {[%csl Rh6][%cal
Rc6a6,Rc6f6]}) 45. Rc6 {[%csl Rh6][%cal Rc6a6,Rc6f6]}) 43... Nxa3 44. h4 $14 {
[%cal Rg3g4,Rg4g5]} Nc2 {[%cal Gc2d4,Gd4e6]} 45. g4 Nd4 46. Bf7 {[%csl Rh6]
[%cal Rg4g5,Rg5h6] Es droht 47.g5 mit Matt, aber Schwarz kann das verteidigen.}
Ne6 47. Kg3 a5 (47... Rc6 48. f3 Rd6 49. b4 Rc6 50. Bxe6 Rxe6 51. g5+ fxg5 52.
hxg5+ Kh5 53. f4 $16) 48. f3 a4 (48... b4 49. Bxe6 Rxe6 50. Ra8 (50. g5+ fxg5
51. hxg5+ Kh5 52. f4 Rg6 $11) 50... Rd6 51. Rxa5 Rd3 52. Ra6 Kg7 53. Ra7+ Kg8
54. g5 fxg5 55. hxg5 Rxb3 56. Re7 $16) 49. bxa4 bxa4 50. Bxe6 (50. Ra8 Nf4 51.
Rxa4 Rd2 {[%cal Rd2g2,Rg2g3]} 52. Ra2 Rxa2 53. Bxa2 $11) 50... Rxe6 51. Ra8 {
Weiss gewinnt den a-Bauern, aber das Material ist reduziert. Schwarz hat
Remischancen.} Kg6 52. Rxa4 h5 $2 {Mit diesem Zug hilft Schwarz dem Gegner. Es
wäre besser, mit dem Bauern hinten zu bleiben.} (52... Re7 $14) 53. Ra8 {
[%cal Ga8g8,Ga8h8,Gh8h5]} Rb6 (53... hxg4 54. Kxg4 $16) 54. gxh5+ Kxh5 55. Rh8+
Kg6 56. Kg4 $16 {[%csl Yf5]} f5+ {Schwarz gibt einen weiteren Bauern, aber das
hilft auch nicht.} (56... Rb3 57. h5+ Kg7 58. Ra8 Rc3 59. Ra7+ Kg8 60. h6 Rb3
61. Rg7+ Kf8 (61... Kh8 62. Rf7 $18) 62. Kf5 Rxf3+ 63. Ke6 $18) 57. exf5+ Kg7
58. Re8 {[%csl Re5]} Rb4+ 59. Kg5 Rf4 60. f6+ $1 (60. Rxe5 $6 Rxf3 $14 {
In diesem Turmendspiel hat Schwarz Remischancen trotz seines Materialnachteils.
}) 60... Kf7 (60... Rxf6 61. Rg8+ Kxg8 62. Kxf6 $18) 61. Re7+ Kf8 62. h5 Rxf3
63. h6 $18 Kg8 (63... Rg3+ 64. Kf5 Rh3 65. h7 $18) 64. Rg7+ (64. Rg7+ Kh8 (
64... Kf8 65. h7 {[%cal Rg7g8,Rg8f8]}) 65. f7 $18 {[%csl Gf7][%cal Rg7g8,Rg8h8]
}) 1-0

[Event "Lippstadt 11th"]
[Site "Lippstadt"]
[Date "2003.08.14"]
[Round "8"]
[White "Romanishin, Oleg M"]
[Black "Cyborowski, Lukasz"]
[Result "0-1"]
[WhiteElo "2561"]
[BlackElo "2550"]
[Annotator "Ribli,Z"]
[PlyCount "72"]
[EventDate "2003.08.07"]
[EventType "tourn"]
[EventRounds "11"]
[EventCountry "GER"]
[EventCategory "9"]
[SourceTitle "CBM 097"]
[Source "ChessBase"]
[SourceDate "2003.11.11"]
[SourceVersion "1"]
[SourceVersionDate "2003.11.11"]
[SourceQuality "1"]

1. d4 Nf6 2. Nf3 d5 3. c4 c6 4. Nc3 e6 5. g3 Be7 6. Bg2 O-O 7. O-O Nbd7 8. Bf4
{Statt dieses Läuferzugs empfehle ich 8.b3, was Weiß mehr Chancen auf
Eröffnungsvorteil bietet.} (8. b3 b6 9. Bb2 Ba6 10. a4 dxc4 11. bxc4 Bxc4 12.
Nd2 $14) 8... Nh5 {Schwarz beschäftigt sich nicht mit dem c4-Bauern, sondern
möchte die Entwicklung des Bf4 stören und ggf. f5 vorbereiten.} (8... dxc4 9.
e4 Bb4 10. Qc2 b5 11. a4 Bb7 12. e5 Nd5 13. Ng5 g6 14. axb5 Bxc3 15. bxc6 Bxc6
16. bxc3 Nxf4 17. Bxc6 Qxg5 18. Bxd7 {1-0 Romanishin,O-Vezzosi,P/Reggio Emilia
ITA 2003/(23)}) 9. Bd2 Nhf6 {Das ist ein indirektes Remisangebot - Schwarz
möchte die Züge wiederholen.} 10. Bf4 (10. cxd5 cxd5 11. Rc1 a6 12. Qc2 b5 13.
Bf4 Bb7 14. a3 Rc8 {0-1 Salaun,M-Wolfangel,C/Avoine 2000/EXT 2001 (27)}) (10.
c5 e5 11. dxe5 Ne4 12. b4 a5 13. a3 axb4 14. axb4 Rxa1 15. Qxa1 Nxd2 16. Nxd2
b6 $13) 10... Nh5 11. Be3 Nhf6 (11... dxc4 $5) 12. Rc1 $6 {Dieser Turmzug
scheint mir schablonenhaft.} (12. b3 $11) (12. cxd5 $11) 12... dxc4 {Schwarz
nimmt einfach den c4-Bauern und während Weiß diesen zurückgewinnt, kann er die
Entwicklung beenden.} 13. Nd2 Nb6 {Schwarz verteidigt einfach den c4-Bauern
und ich sehe keine Kompensation für Weiß. Der e3B steht besonders unglücklich,
weil Weiß nicht e2-e4 ziehen kann.} 14. Nce4 Nfd5 $15 {[%csl Re3][%cal Gd5e3]}
(14... Nxe4 15. Bxe4 c3 16. Rxc3 (16. bxc3 Nd5 $15) 16... Nd5 $15) 15. Nxc4
Nxc4 16. Rxc4 Nxe3 17. fxe3 {Weiß hat das materielle Gleichgewicht erreicht,
aber seine Bauernstellung ist geschwächt.} e5 $1 {[%csl Re2,Re3][%cal Gc8e6,
Ge6c4] Mit Läuferpaar möchte Schwarz die Stellung öffnen.} 18. dxe5 (18. Nc5
Bd6 $15 {[%cal Gd8e7]}) 18... Be6 19. Rd4 Qa5 $17 {[%csl Ra2,Ga5,Re2,Re3,Re5]
Weiß hat einen Bauern mehr, aber das hat keinerlei Bedeutung - er hat einfacvh
zu viele Bauerninseln. Zudem ist die schwarze Stellung sehr fest und er hat
das Läuferpaar.} 20. Nf6+ {Dieses Springeropfer ist praktisch erzwungen, wenn
Weiß nicht ohne Kampf verlieren möchte.} (20. Nd6 Qxe5 21. Qd2 Bxd6 22. Rxd6
Bxa2 $17) 20... gxf6 21. exf6 Bd8 {[%mdl 1024] Schwarz hat eine Figur mehr,
Weiß hat nur zwei Bauern als Ersatz und seine Bauern sind schwach.} 22. Rh4 {
Die weiße Idee ist einfach - 23.Qd3 spielen und mattsetzen. Aber Schwarz kann
sich gegen diese Drohung leicht verteidigen.} (22. Qd3 Qg5 $17) 22... Qg5 23.
Qd3 h6 $19 {[%mdl 256] Nach diesem Zug hängt schon der f6P und Schwarz kann
sein Materialvorteil direkt verwerten.} 24. Qc3 Bc7 25. e4 Rad8 (25... Be5 26.
Qf3 Bxb2 $19) 26. Qf3 Rd2 27. Bh3 {Weiß hat keine ernsthaften Drohungen am
Königsflügel.} Bb6+ (27... Bxh3 28. Rxh3 Kh7 $19 {[%cal Gf8g8,Gg8g4] Die
schwarze Idee ist 29...Rg8 und 30...Qg4 zu spielen.}) 28. Kg2 Qe3 29. Qxe3 Bxe3
$19 {Nach dem Damentausch steht Schwarz klar auf Gewinn.} 30. Bxe6 fxe6 31.
Rg4+ Kh8 32. e5 Rd5 33. Rg7 (33. Re4 Bd4 34. Rd1 Bxb2 $19) 33... Rxe5 34. Rxb7
Bd4 35. Rf4 Rxe2+ 36. Kf1 Rxb2 0-1

[Event "Capablanca Memorial Elite 39th"]
[Site "Havana"]
[Date "2004.05.07"]
[Round "2"]
[White "Arencibia Rodriguez, Walter"]
[Black "Dominguez Perez, Leinier"]
[Result "0-1"]
[WhiteElo "2505"]
[BlackElo "2612"]
[Annotator "Ribli,Z"]
[PlyCount "56"]
[EventDate "2004.05.06"]
[EventType "tourn"]
[EventRounds "11"]
[EventCountry "CUB"]
[EventCategory "13"]
[SourceTitle "CBM 101"]
[Source "ChessBase"]
[SourceDate "2004.07.27"]
[SourceVersion "1"]
[SourceVersionDate "2004.07.27"]
[SourceQuality "1"]

1. d4 d5 2. c4 c6 3. Nc3 Nf6 4. Nf3 e6 5. g3 {Diese Fortsetzung wird relativ
selten gespielt. Mehr Hoffnungen auf Eröffnungsvorteil geben 5.Bg5 und 5.e3.}
Nbd7 6. Bg2 dxc4 $1 {Das ist die beste Möglichkeit für Schwarz - nach diesem
aktiven Zug kann er seinen Mehrbauern verteidigen. Die genügsamen Alternativen
6...Be7 und 6...Bd6 sind aber auch spielbar.} 7. a4 Be7 8. O-O O-O {Diese
Stellung können wir entweder von der Slawischen Eröffnung oder von der
Katalanischen Verteidigung erreichen, die Codes der Variante sind E07 bzw. D43.
} 9. e4 e5 {Das ist die beste Verteidigung für Schwarz - er gibt den Bauern
zeitweilig zurück.} (9... b6 10. Qe2 Ba6 11. Rd1 Qc8 12. d5 $13) 10. dxe5 (10.
Nxe5 $6 Nxe5 11. dxe5 Ng4 $36) 10... Ng4 11. Bf4 (11. e6 fxe6 12. Nd4 Nde5 13.
h3 Nxf2 $1 14. Rxf2 Rxf2 15. Kxf2 Nd3+ 16. Kg1 Qxd4+ 17. Kh2 e5 18. Qh5 Be6 19.
Qe2 Bc5 20. Bg5 Rf8 {0-1 Karpov,I-Iskusnyh,S/Novosibirsk 1999/EXT 2000 (20)})
11... Qa5 {Jetzt hängt der e5-Bauern, so muss ihn Weiß wieder hergeben.} 12. e6
fxe6 13. e5 {Dieser Zug ist das letzte Wort der Theorie, nach anderen
Fortsetzungen bekommt Schwarz bequemes Spiel.} (13. Nd2 Nge5 14. Bh3 Nb6 (14...
Nf6 $5) 15. Bxe5 Qxe5 16. a5 Nd7 17. Nxc4 Qf6 18. f4 Qh6 19. Kg2 $14 {0-1
Certic,B-Todorovic,G/Petrovac SCG 2004/(37)}) (13. Bd6 Bxd6 14. Qxd6 Nde5 15.
Nxe5 (15. Ng5 h6 16. Nxe6 Bxe6 17. Qxe6+ Kh8 $17 {0-1 Van den Bersselaar,J-Van
der Poel,H/Dieren 2001/CBM 83 ext (28)}) 15... Nxe5 16. Rab1 Rd8 17. Qe7 Ng6
18. Qa3 e5 $15 {1/2-1/2 Sosonko,G-Van der Wiel,J/Wijk aan Zee 1987/CBM 02 (30)}
) (13. Qe2 Nge5 14. Nd4 $1 Nb6 (14... Nd3 15. Nxe6 Rf6 16. Bc7 Qb4 $13) 15. Bd2
Bb4 16. Nc2 c5 17. Qh5 Nc6 $1 18. e5 Rf5 19. Qe8+ Rf8 20. Qh5 Rf5 21. Qe8+ {
1/2-1/2 Vaulin,A-Gorelov,S/Pavlodar 1991/EXT 97 (21)}) 13... Ngxe5 14. Nxe5
Nxe5 15. Qh5 {[%cal Gh5a5]} Rf5 {Mit diesem Turmzug spielt Schwarz auf Gewinn.
Im Falle von 15...Bd6 kann er Remis erreichen.} (15... Bd6 16. Ne4 (16. Rae1
Rf5 17. Qe8+ Rf8 18. Qh5 $11) 16... Rf5 17. Qe8+ Rf8 18. Qh5 Rf5 19. Qe8+ {
1/2-1/2 Topalov,V-Kasparov,G/Sarajevo 2000/CBM 77 (19)}) 16. Qe8+ Bf8 17. Be4
Nf7 {Das ist die beste Verteidigung - Schwarz opfert die Qualität.} (17... Nf3+
$2 18. Bxf3 e5 19. Be2 exf4 20. Bxc4+ Kh8 21. Bd3 $16) 18. Rad1 $2 {[%mdl
16384] Gut oder schlecht - Weiß muss den katalanischen Läufer für die Qualität
geben und 18.Bxf5 spielen. Nach der Partiefortsetzung kann Schwarz mit dem
f5-Turm einfach weggehen.} (18. Bxf5 Qxf5 19. Rae1 e5 20. Bxe5 Qf3 (20... Nxe5
21. Rxe5 Qf3 22. Qh5 Qxh5 23. Rxh5) 21. Re3 Bh3 22. Qxf8+ Rxf8 23. Rxf3 Bxf1 (
23... Nxe5 $5 24. Rxf8+ Kxf8 $14) 24. Rxf7 Kxf7 25. Kxf1 $16 {1-0 Mochalov,
E-Yagupov,I/Orel 1999/EXT 2001 (37)}) 18... Rf6 $15 19. Be3 (19. Bxh7+ Kxh7 20.
Qxf8 Ne5 21. Qe8 Nd3 $15) 19... g6 {Schwarz bereitet 20...Kg7 vor, denn er
möchte die Fesselung auf der Grundlinie abschütteln.} (19... Qb4 $5 {[%cal
Gb4e7,Ge7e8] Dieser Damezug scheint mir noch besser als die Partiefortsetzung
- die schwarze Drohung ist einfach 20...Qe7 mit Damentausch.}) 20. f4 Kg7 21.
Bd4 (21. Rf2 Qc7 (21... Bc5 22. Bxc5 Qxc5 23. Bg2 e5 24. Ne4 Qxf2+ 25. Kxf2 Re6
26. Rd8 Rxe8 27. Rxe8) 22. Bd4 e5) 21... Bc5 $17 {[%cal Gc5g1] Dank der
Gegenfesselung kann Schwarz den dunkelfarbigen Läufer tauschen. Ich sehe keine
Kompensation für Weiß, er hat einen klaren Bauern weniger.} 22. Rf2 (22. Bxc5
Qxc5+ 23. Kh1 (23. Kg2 $2 e5 $19 {[%cal Rc8h3,Rh3g2,Ra8e8]}) 23... e5 $17)
22... Bxd4 23. Rxd4 e5 24. fxe5 Rxf2 (24... Qxe5 25. Qxe5 Nxe5 $17) 25. Kxf2
Qc5 $1 (25... Qxe5 26. Qxe5+ Nxe5 27. Rd8 Nf7 28. Re8 $15) 26. Ke3 (26. Ne2
Qxe5 27. Qxe5+ Nxe5 28. Rd8 Nf7 29. Re8 Nd6 $19) 26... Nxe5 $19 {[%csl Re3]
[%cal Rc5e3][%mdl 2048] Der weiße König steht schrecklich schlecht auf e3, es
droht 27...Ng4+ mit Turmgewinn.} 27. Qd8 Bd7 $1 (27... Nf7 28. Qe8 (28. Qc7 Bg4
$19) 28... Qg5+ 29. Kf2 Qf6+ 30. Ke3 Nd6 $19) 28. Qxa8 Ng4+ (28... Ng4+ 29. Kd2
Qxd4+ 30. Kc2 Nf6 31. Qd8 Kf7 $19) 0-1

[Event "RUS-ch qual 57th"]
[Site "St Petersburg"]
[Date "2004.05.24"]
[Round "4"]
[White "Khalifman, Alexander"]
[Black "Alekseev, Evgeny V"]
[Result "1-0"]
[WhiteElo "2668"]
[BlackElo "2616"]
[Annotator "Ribli,Z"]
[PlyCount "81"]
[EventDate "2004.05.21"]
[EventType "swiss"]
[EventRounds "9"]
[EventCountry "RUS"]
[SourceTitle "CBM 102"]
[Source "ChessBase"]
[SourceDate "2004.09.23"]
[SourceVersion "1"]
[SourceVersionDate "2004.09.23"]
[SourceQuality "1"]

1. d4 Nf6 2. c4 e6 3. g3 Bb4+ 4. Bd2 Be7 5. Bg2 d5 6. Nf3 c6 7. Qb3 Nbd7 8. Bf4
O-O 9. O-O b6 10. Nc3 (10. Rd1 a5 11. Nc3 Ba6 12. cxd5 exd5 $6 (12... Nxd5 $1
13. Ne5 Nxe5 14. Bxe5 a4 15. Qc2 a3 $13) 13. Rac1 Rc8 $2 (13... Re8) 14. Bh3 $1
Bc4 15. Qc2 c5 16. dxc5 Bxc5 17. Bg5 {Kasimdzhanov,R-Gurevich,M/Batumi (rapid)
82/432 2001/[Kasimdzhanov,R] (20)}) 10... Ba6 11. cxd5 Nxd5 (11... cxd5 12. Nb5
Bxb5 13. Qxb5 a6 14. Qd3 b5 15. Rfc1 Qb6 16. Rc2 Rfc8 17. Rac1 Qd8 18. Bc7 Qf8
19. Qe3 h6 20. Ne5 {1-0 Nielsen,P-Chuchelov,V/Germany 2003/EXT 2004 (39)}) (
11... exd5 $6 12. Rfd1 Re8 $6 13. Ne5 $14 Bb7 14. e4 {[%csl Gc3,Ge5,Gf4,Gg2]
[%cal Gb3g8]} Nf8 $6 15. Nxc6 $1 Bxc6 16. exd5 Bb7 17. d6 {[%cal Rd6e7,Rg2b7]}
Bxg2 18. dxe7 Qxe7 19. Kxg2 $16 {1-0 Nielsen,P-Harikrishna,P/Hastings 2003/CBM
93/[Ribli] (59)}) 12. Qa4 (12. Nxd5 cxd5) 12... Nxf4 13. gxf4 {Das ist ein
typisches Bild in der Katalanischen Verteidigung - Weiß hat einen Doppelbauern
auf der f-Linie, aber der f4P kontrolliert das e5-Feld.} (13. Qxa6 Nxg2 14.
Kxg2 Nf6 $11) 13... Bb7 {[%cal Gc6c5]} 14. Rfd1 {[%cal Gd1d8]} Qc7 15. e3 Rac8
$6 (15... c5 16. d5 (16. Nb5 Qb8) 16... exd5 17. Nxd5 Bxd5 18. Rxd5 Rad8 19.
Rad1 Nb8 $11 (19... Nf6 $11)) 16. Rac1 $14 {[%cal Gc1c8] Weiß hat
offensichtlichen positionellen Druck am Damenflügel und es ist nicht leicht
für Schwarz, wenn gar unmöglich, seine Stellung mit c6-c5 zu befreien.} Qb8 (
16... c5 17. Nb5 Bc6 18. Qa6 Bxb5 19. Qxb5) 17. Ne5 $1 {[%csl Rb7,Gg2][%mdl 32]
Jetzt können wir den großen Unterschied zwischen dem katalanischen g2-Läufer
und dem passiven b7-Läufer sehen.} Nxe5 18. dxe5 {[%csl Gd1][%cal Rd1d7]} Rc7 (
18... c5 19. Rd7 Bxg2 20. Qxa7 $16 (20. Kxg2 $16)) 19. Rd2 a6 (19... c5 $5 20.
Bxb7 (20. Nb5 Bxg2 (20... Qe8 21. b3 $14) 21. Nxc7 Qb7 22. f3 (22. Qa6 Qf3 23.
Qe2 Qh3 $36) 22... Qxf3 23. Qd1 Qxd1+ 24. Rcxd1 Bc6 $44) 20... Qxb7 21. Rcd1
Qf3 22. Qe4 $14) 20. Qb3 b5 (20... Qa7 $5) 21. a4 $1 c5 {Es ist verständlich,
dass Schwarz endlich aktiv spielen möchte. Mit dem Textzug öffnet er die
Stellung, aber im Folgenden verliert er den Bauern.} (21... Rd8 $14) 22. axb5
Bxg2 23. Kxg2 Qb7+ 24. Kg1 (24. f3 c4 25. Qa4 axb5 26. Qxb5 Qa7 $132) 24... c4
(24... Rb8 25. b6 Qxb6 26. Qc4 $14) 25. Qa4 axb5 26. Qxb5 Qf3 27. Ne2 {[%cal
Ge2d4,Gd4f3][%mdl 256] Der Springer kann den weißen Königsflügel verteidigen,
nach 27...Qg4 kommt 28.Ng3, ansonsten kann Weiß mit Nd4 die Dame von f3
verjagen.} h5 (27... Qg4+ 28. Ng3 h5 29. Rd7 Rxd7 30. Qxd7 $16) 28. Nd4 Qe4 (
28... Qg4+ 29. Kh1 $16) 29. Rxc4 $16 Qb1+ 30. Kg2 Qe4+ 31. Kg1 Qb1+ 32. Kg2
Qe4+ 33. f3 $1 Qg6+ (33... Qxe3 34. Re2 $18) 34. Kh3 {[%csl Gh3] Der König
steht etwas sonderbar auf h3, aber Schwarz kann das nicht ausnutzen.} Ra7 35.
Rc1 Rd8 36. Qd3 $18 (36. Rg2 Qh7 37. Rcg1 Bf8 38. f5 $18) 36... Qh6 (36... Qxd3
37. Rxd3 $18) 37. Qe4 Rad7 38. Rg2 Bf8 39. Rc6 Re8 40. f5 exf5 41. Nxf5 {
[%csl Rh6]} 1-0